| 000 | 00439nam a22001577a 4500 | ||
|---|---|---|---|
| 020 | _a9780199476299 | ||
| 082 | _a621.3815 SED | ||
| 100 |
_aSedra, Adel S. _969614 |
||
| 245 | _aMicroelectronic circuits: theory and applications | ||
| 250 | _a7th | ||
| 260 |
_aIndia _bOxford _c2018 |
||
| 300 | _axxiii,1297 P | ||
| 650 |
_aMicroelectronic Circuits: Theory and applications _969615 |
||
| 700 |
_aSmith, Kenneth C _921575 |
||
| 942 | _cBK | ||
| 999 |
_c576824 _d576824 |
||